[Event "125th YMCA Summer A"]
[Site "Warszawa"]
[Date "2013.08.26"]
[Round "8"]
[White "Szefer, Michal"]
[Black "Goslawski, Michal"]
[Result "1/2-1/2"]
[WhiteElo "1965"]
[BlackElo "2118"]
[Annotator "Admin"]
[PlyCount "39"]
[EventDate "2013.07.05"]
[EventType "tourn"]
[EventRounds "2"]
[EventCountry "POL"]
[SourceDate "2013.07.05"]

1. e4 e6 2. d4 d5 3. Nd2 Nf6 4. e5 Nfd7 5. Bd3 c5 6. c3 Nc6 7. Ne2 cxd4 8. cxd4
f6 9. Nf4 Nxd4 10. Qh5+ Ke7 11. exf6+ Nxf6 12. Ng6+ hxg6 13. Qxh8 Kf7 14. Qh4
e5 15. Nf3 Nxf3+ 16. gxf3 Bf5 17. Bxf5 gxf5 18. Bg5 Qa5+ 19. Kf1 Qa6+ 20. Kg2
$11 1/2-1/2

[Event "125th YMCA Summer A"]
[Site "Warszawa"]
[Date "2013.08.23"]
[Round "8"]
[White "Liberadzki, Slawomir"]
[Black "Wojtaszewski, Piotr"]
[Result "1-0"]
[WhiteElo "2070"]
[BlackElo "2018"]
[Annotator "Admin"]
[PlyCount "57"]
[EventDate "2013.07.05"]
[EventType "tourn"]
[EventRounds "2"]
[EventCountry "POL"]
[SourceDate "2013.07.05"]

1. e4 e6 2. d4 d5 3. e5 c5 4. c3 Ne7 5. Nf3 Nbc6 6. Bd3 Ng6 7. h4 Be7 8. g3 Bd7
9. h5 Nf8 10. O-O Qc7 11. Re1 O-O-O 12. dxc5 Bxc5 13. b4 Be7 14. Na3 f6 15. Nb5
Qb8 16. Bf4 f5 17. Nbd4 Nxd4 $11 18. cxd4 b5 19. a4 a6 20. axb5 Bxb5 21. Rxa6
Kd7 22. Ra5 Bc6 23. b5 Bb7 24. b6 Bc6 25. Ra7+ Ke8 26. Qb3 Rd7 27. Rea1 h6 28.
Qc2 Qxb6 29. R7a6 1-0

[Event "125th YMCA Summer A"]
[Site "Warszawa"]
[Date "2013.08.22"]
[Round "9"]
[White "Wojtaszewski, Piotr"]
[Black "Szefer, Michal"]
[Result "1-0"]
[WhiteElo "2018"]
[BlackElo "1965"]
[PlyCount "87"]
[EventDate "2013.07.05"]
[EventType "tourn"]
[EventRounds "2"]
[EventCountry "POL"]
[SourceDate "2013.07.05"]

1. e4 c5 2. Nf3 d6 3. d4 cxd4 4. Nxd4 Nf6 5. Nc3 a6 6. f3 g6 7. Be3 Bg7 8. Qd2
Nc6 9. O-O-O O-O 10. g4 Bd7 11. h4 h5 12. gxh5 Nxh5 13. f4 Bg4 14. Be2 Bxe2 15.
Ncxe2 Qa5 16. Qxa5 Nxa5 17. f5 Nc4 18. Bg5 f6 19. Bd2 Nxd2 20. Kxd2 gxf5 21.
exf5 Bh6+ 22. Kd3 Kf7 23. Ne6 Rg8 24. Rhg1 Rxg1 25. Rxg1 Rg8 26. Rxg8 Kxg8 27.
Ke4 Bd2 28. c4 Kh7 29. Kf3 Kh6 30. Kg4 Be3 31. Nc3 Bf2 32. Nd5 Ng3 33. Nxe7 Kh7
34. Nd5 Nxf5 35. Kxf5 Bxh4 36. Nxf6+ Kh6 37. Ng4+ Kh7 38. Nf6+ Kh6 39. Ne4 Be7
40. Nd4 Bf8 41. Ke6 Kg6 42. Nxd6 b6 43. Kd5 Bg7 44. b4 1-0

[Event "125th YMCA Summer A"]
[Site "Warszawa"]
[Date "2013.09.05"]
[Round "10"]
[White "Szewczak, Andrzej"]
[Black "Goslawski, Michal"]
[Result "0-1"]
[WhiteElo "1974"]
[BlackElo "2118"]
[PlyCount "110"]
[EventDate "2013.07.05"]
[EventType "tourn"]
[EventRounds "2"]
[EventCountry "POL"]
[SourceDate "2013.07.05"]

1. e4 e5 2. Nf3 Nf6 3. Nc3 Nc6 4. Bb5 Nd4 5. Bc4 d6 6. d3 Be7 7. h3 c6 8. a3
O-O 9. O-O Ne6 10. d4 Qc7 11. dxe5 dxe5 12. Qe2 b5 13. Ba2 Nd4 14. Nxd4 exd4
15. Nd1 Bc5 16. b4 Bb6 17. Qd3 Re8 18. Re1 Bf5 19. f3 Qg3 20. Kf1 Qh2 21. Nf2
Nh5 22. Ng4 Bxg4 23. fxg4 Nf4 24. Bxf4 Qxf4+ 25. Qf3 Qxf3+ 26. gxf3 a5 27. Ke2
Kf8 28. Bb3 a4 29. Ba2 Bc7 30. Kd3 Rad8 31. f4 Bxf4 32. Rf1 g5 33. h4 h6 34.
Rxf4 gxf4 35. Rf1 Kg7 36. Rxf4 Rd7 37. Rf5 f6 38. g5 hxg5 39. hxg5 Rf8 40. Rc5
fxg5 41. Rxg5+ Kh6 42. Rc5 Rf3+ 43. Kd2 Rxa3 44. Rxc6+ Kg5 45. Bd5 Rh7 46. Rc5
Rh2+ 47. Kc1 Rc3 48. Rxb5 Rcxc2+ 49. Kb1 Kf4 50. e5 Rb2+ 51. Ka1 Rbd2 52. Ba2
Rxa2+ 53. Kb1 Rab2+ 54. Kc1 a3 55. e6 Rh1# 0-1

[Event "125th YMCA Summer A"]
[Site "Warszawa"]
[Date "2013.08.21"]
[Round "10"]
[White "Szefer, Michal"]
[Black "Liberadzki, Slawomir"]
[Result "0-1"]
[WhiteElo "1965"]
[BlackElo "2070"]
[PlyCount "50"]
[EventDate "2013.07.05"]
[EventType "tourn"]
[EventRounds "2"]
[EventCountry "POL"]
[SourceDate "2013.07.05"]

1. e4 c5 2. Nc3 Nc6 3. f4 g6 4. Nf3 Bg7 5. Bb5 Nd4 6. O-O Nxb5 7. Nxb5 a6 8.
Nc3 e6 9. e5 d5 10. exd6 Qxd6 11. Ne4 Qc7 12. d3 Ne7 13. Qe1 Nf5 14. c3 b6 15.
g4 Nd6 16. Nxd6+ Qxd6 17. Qe4 Ra7 18. f5 Bb7 19. Qf4 e5 20. Re1 Qc6 21. Rxe5+
Bxe5 22. Qxe5+ Kd7 23. Bf4 Re8 24. Re1 Raa8 25. Re4 f6 0-1